000 00533nam a22001937a 4500
005 20260424131238.0
008 260424b |||||||| |||| 00| 0 eng d
020 _a9798886130294
_c1395.00
040 _aMAIN
041 _aEnglish
082 _a510
_bPOS
100 _aPosamentier, Alfred S.
_926740
245 _aUnderstanding Mathematics Through Problem Solving
260 _aNew Jersey
_b World Scientific
_c2024
300 _a515
650 _aMathematics (PM USHA)
_926738
700 _aPoole, Peter
_926741
942 _cBK
999 _c60727
_d60727